000 00843nam a2200241 i 4500
001 179930
003 ES-MaACL
005 20231216062914.0
008 120302s1999 sp |||| | spa d
020 _a84-95192-24-1
080 _a821.134.2-31"19"
100 1 _aPeraile, Meliano,
_d1922-2005
_990346
245 1 0 _aAndanzas y malandanzas de don Fidencio /
_cMeliano Peraile.
260 _aCuenca :
_bDiputación de Cuenca, Departamento de Cultura,
_c1999.
300 _a113 p. ;
_c21 cm.
490 1 _aCreación literaria ;
_v11
505 8 _aContiene: 2 ;
_tAsuntos varios
710 1 _aCuenca (Provincia).
_bDiputación Provincial.
_93346
830 0 _aCreación literaria ;
_v11
_9178462
852 _aES-MaACL
_jA-12009
_9186834
_bR.4146785
_cDEPO1
_dOlim: N-5014
942 _2udc
_cMONOGRAFIA
999 _c179930
_d179930